000 01607nam0a2200349 4500
001 RU\NLR\BIBL_A\012572637
005 20210914171738.0
010 _a978-5-09-083825-2
_91130
021 _aRU
_bКН-П-21-019776
_9КН-П-21-1529
035 _a(NLR Aleph) 012572637
090 _a12496247
_c12496247
100 _a20210730d2021 c y0rusy50 ca
101 0 _arus
102 _aRU
105 _a cg|j|||000zy
181 0 _ai2
_baxxe
181 0 _ab2
_bxb2e
182 0 _an
200 1 _aМузыка
_e2 класс
_eучебник
_eсоответствует Федеральному государственному образовательному стандарту начального общего образования
_fВ.О. Усачёва, Л.В. Школяр
203 _aТекст
_aИзображение
_bвизуальные
_cнепосредственные
205 _a8-е изд., стер.
210 _aМосква
_cПросвещение
_cВентана-Граф
_d2021
215 _a127, [1] с.
_cил., ноты, цв. ил., портр.
_d22
225 1 _aНачальная школа XXI века
606 1 _aМузыка
_jУчебники для начальной школы
_9888123
_3RU\NLR\AUTH\66429
686 1 _aЩ31я72
700 1 _7ca
_8rus
_aУсачёва
_bВ. О.
_f1955-
_gВалерия Олеговна
_9166128
_3RU\NLR\AUTH\770166175
701 1 _aШколяр
_bЛ. В.
_f1946-
_gЛюдмила Валентиновна
942 _cBOOK
980 _aNB